[Event "10th Mumbai Mayors Cup 2017"]
[Site "Mumbai"]
[Date "2017.07.06"]
[Round "5"]
[White "Dixit, Nikhil"]
[Black "Deviatkin, Andrei"]
[Result "0-1"]
[WhiteElo "2101"]
[BlackElo "2481"]
[Annotator "TA"]
[PlyCount "86"]
[EventDate "2017.06.04"]
[EventType "swiss"]
[EventCountry "IND"]
[SourceTitle "playchess.com"]
[Source "ChessBase"]
[SourceQuality "1"]

{[%evp 9,86,57,59,53,70,8,13,10,8,11,15,5,16,6,7,0,0,-12,11,-76,-69,-69,-20,-21,-14,-32,11,-102,28,0,34,6,25,-8,0,-183,-177,-191,-183,-217,-216,-211,-222,-225,-228,-224,-231,-263,-239,-239,-240,-247,-238,-370,-368,-411,-290,-443,-422,-498,-499,-484,-481,-547,-547,-582,-600,-635,-634,-737,-725,-820,-820,-1058,-1051,-6103,-5945,-29968,-29967]} 1. e4 Na6 2. d4 c6 3. Nc3 Nc7 4. Nf3 d5 (4... g6 5. Bf4 Bg7 6. Qd2 Nf6 7. Bh6 O-O 8. e5 Ng4 9. Bxg7 Kxg7 10. h3 Nh6 11. h4 d5 {1-0 (30) Popovic,D (2531)-Markovic,M (2459) Kragujevac 2016}) 5. Be2 dxe4 6. Nxe4 {B12: Caro-Kann: Advance Variation} Nf6 7. Nxf6+ $146 ({Better is} 7. Bd3 $14) ({Predecessor:} 7. Ng3 e6 8. O-O Be7 9. Ne5 O-O 10. Bf3 Nd7 11. Qe2 {1-0 (41) Koval,A (2189)-Kopnicky,V (2113) Slovakia 2006}) 7... exf6 $11 8. O-O {The position is equal.} Bd6 9. c4 O-O 10. Qc2 Re8 11. Be3 Bg4 12. Rae1 Qd7 13. Nh4 g6 14. Bd3 (14. Bxg4 $11 Qxg4 15. Nf3) 14... Bb4 $17 15. Rc1 a5 16. a3 $1 {[%cal Ra3b4]} Bf8 17. Rfe1 Bd6 18. f3 {[#]} (18. h3 $11 Be6 19. f4) 18... Be6 (18... Rxe3 $1 $17 19. Rxe3 Bf4) 19. f4 $1 $11 {[%cal Rf4f5] Strongly threatening f5.} f5 (19... Bg4 $5 {[%cal Re8e3]} 20. Qf2 b5 $14) 20. Nf3 f6 21. d5 Bf7 22. c5 $2 (22. Qf2 $11 {and White has nothing to worry.}) 22... Nxd5 $19 23. cxd6 {[#] Black must now prevent Bf2.} Nxe3 24. Qf2 Nd5 25. g3 Qxd6 26. Bc4 Kg7 27. Qd4 Rad8 {[%cal Ba8d8,Bd8d6,Bd6d3][%mdl 32]} 28. h4 Nc7 29. Qxd6 Rxd6 30. Rxe8 Nxe8 31. Bxf7 (31. Bf1 $142) 31... Kxf7 {[%mdl 4096] Endgame KRN-KRN} 32. Kf2 h5 33. Rc4 (33. Ke3 $142) 33... Rd3 34. Ra4 Nd6 35. Rxa5 Ne4+ 36. Kg2 Rb3 37. Ra8 Rxb2+ 38. Kh3 c5 39. Rc8 b5 40. Rc7+ Ke6 41. Rg7 Ra2 42. Rxg6 Kf7 43. Rh6 Nf2+ {Precision: White = 28%, Black = 63%.} 0-1

[Event "10th Mumbai Mayors Cup 2017"]
[Site "Mumbai"]
[Date "2017.07.06"]
[Round "5"]
[White "Lama, Himal"]
[Black "Nitin, S.."]
[Result "0-1"]
[WhiteElo "2073"]
[BlackElo "2427"]
[Annotator "TA"]
[PlyCount "57"]
[EventDate "2017.06.04"]
[EventType "swiss"]
[EventCountry "IND"]
[SourceTitle "playchess.com"]
[Source "ChessBase"]
[SourceQuality "1"]

{[%evp 9,57,0,0,0,0,-6,8,-14,6,-2,0,-15,0,0,0,0,-7,0,0,-62,-47,-56,-38,-44,-31,-64,-64,-164,-164,-164,-160,-169,-170,-151,-164,-168,-164,-216,-206,-204,-202,-240,-218,-582,-396,-594,-268,-922,-943,-870]} 1. e4 c5 2. Nf3 d6 3. c4 e5 4. Nc3 g6 (4... Nc6 5. g3 g6 6. h4 h5 7. d3 Bh6 8. Bh3 Bxh3 9. Rxh3 Bxc1 10. Qxc1 Nf6 11. Rh1 Nd4 12. Nxd4 cxd4 {½-½ (72) Laznicka,V (2661)-Neuman,P (2420) Prague 2016}) 5. d3 Bg7 {LiveBook: 4 Games} 6. Be2 {B50: Sicilian: 2...d6, Miscellaneous} Ne7 7. Nd5 h6 8. h4 $146 {The position is equal.} ({Predecessor:} 8. Nxe7 Qxe7 9. Be3 Nc6 10. Nd2 f5 11. Nb1 f4 12. Bd2 {0-1 (57) Alvarez Arguelles,J-Alvarez Fernandez,E (2096) Oviedo 2003}) 8... Bg4 9. Bd2 (9. Nd4 $5) 9... Nbc6 10. Qa4 (10. a3 {keeps more tension.} a5 11. Ne3 Bd7 12. h5 g5 13. Bc3) 10... O-O (10... f5 {seems wilder.} 11. Ng1 Bxe2 12. Nxe2 O-O 13. h5 fxe4 14. dxe4 Nxd5 15. cxd5 Nd4) 11. Bxh6 Nxd5 12. cxd5 {[#] And now Bxg7 would win.} Bxh6 13. dxc6 bxc6 14. Nd2 (14. h5 $11) 14... Be6 (14... Bxd2+ $5 15. Kxd2 Qd7 $11) 15. h5 Kg7 (15... Bxd2+ $5 16. Kxd2 Qb6 $15) 16. Nc4 d5 $36 {[%mdl 2048] Black has good play.} 17. Nxe5 Qf6 $1 {[%cal Rf6e5]} 18. d4 (18. Nf3 $15) 18... dxe4 $19 19. Qxc6 cxd4 20. Ng4 Bxg4 $1 21. Qxf6+ Kxf6 22. Bxg4 Kg7 23. hxg6 {[#]} (23. Bd7 $142) 23... f5 $1 {[%cal Rf5g4,Bf7f5,Bf5f4][%mdl 32]} (23... fxg6 24. Rh3) 24. Bd1 Rac8 25. Rh3 d3 ({Don't take} 25... Kxg6 26. Rg3+ Kf6 27. Ra3) 26. a4 $2 (26. Kf1) 26... Rf6 {aiming for ...Rc1.} 27. g3 (27. Kf1 $142 Rfc6 28. Rh1) 27... Rxg6 (27... Rc1 $142 28. Ra2 Rfc6 29. Rxh6 Kxh6) 28. Rh5 $2 (28. Kf1) 28... f4 29. g4 {Precision: White = 25%, Black = 69%.} 0-1

[Event "10th Mumbai Mayors Cup 2017"]
[Site "Mumbai"]
[Date "2017.07.06"]
[Round "5"]
[White "Manush Shah"]
[Black "Rathanvel, V S"]
[Result "0-1"]
[WhiteElo "2056"]
[BlackElo "2332"]
[Annotator "TA"]
[PlyCount "62"]
[EventDate "2017.06.04"]
[EventType "swiss"]
[EventCountry "IND"]
[SourceTitle "playchess.com"]
[Source "ChessBase"]
[SourceQuality "1"]

{[%evp 12,62,0,0,14,-7,0,-6,0,3,36,0,0,0,2,-37,-26,-50,-55,-46,-37,-102,-97,-93,-73,-111,-114,-100,-97,-122,-103,-141,-131,-149,-133,-217,-218,-224,-220,-210,-209,-216,-206,-283,-264,-380,-385,-370,-355,-717,-710,-709,-709]} 1. d4 Nf6 2. Bf4 c5 3. e3 Qb6 4. Nc3 d6 (4... Qxb2 5. Nge2 Qb6 6. Rb1 Qd8 7. dxc5 g6 8. g3 Na6 9. Qd4 Bg7 10. Bg2 Nh5 11. Be5 f6 {1-0 (32) Grischuk,A (2774)-Adhiban,B (2674) Berlin 2015}) 5. Rb1 g6 6. h3 {A45: Trompowsky Attack} Bg7 7. Nf3 {LiveBook: 3 Games} O-O 8. Be2 {The position is equal.} a6 9. O-O Qc7 10. a4 Nbd7 $146 {[%cal Bb8d7,Bd7b6,Bb6c4][%mdl 32]} ({Predecessor:} 10... cxd4 11. exd4 Nc6 {0-1 (64) Kaunzinger,A (2189)-Fauth,D (2124) Bayern 2002}) 11. Bh2 cxd4 12. exd4 Nb6 13. Qd2 Bd7 14. a5 Nc4 $1 {[%cal Rc4d2]} 15. Bxc4 Qxc4 16. Qe2 ({Better is} 16. Rfd1 $15) 16... Qxe2 $17 17. Nxe2 Rfc8 $36 {[%mdl 2048] White is under strong pressure.} 18. c3 {[#]} b6 $1 {[%mdl 512]} 19. axb6 Rab8 20. b3 Rxb6 21. Nd2 Bf5 22. Rbc1 Ne4 23. Bf4 (23. Nxe4 $17 {was called for.} Bxe4 24. b4) 23... Nxd2 $19 24. Bxd2 Rxb3 25. Ng3 Bd3 26. Rfe1 Kf8 27. Re3 Bb5 28. f4 (28. Ree1 {was necessary.}) 28... Rb2 29. Rd1 Rc4 30. Ne2 $2 {[#]} (30. Bc1 Rb1 31. Kf2) 30... Ba4 31. Bc1 Rxe2 {Precision: White = 30%, Black = 86%.} 0-1

[Event "10th Mumbai Mayors Cup 2017"]
[Site "Mumbai"]
[Date "2017.07.06"]
[Round "5"]
[White "Mohite, Ranveer"]
[Black "Pradeep Kumar R A"]
[Result "0-1"]
[WhiteElo "2023"]
[BlackElo "2302"]
[Annotator "TA"]
[PlyCount "72"]
[EventDate "2017.06.04"]
[EventType "swiss"]
[EventCountry "IND"]
[SourceTitle "playchess.com"]
[Source "ChessBase"]
[SourceQuality "1"]

{[%evp 23,72,8,7,0,0,0,8,4,16,19,21,6,35,20,28,29,38,0,-12,0,0,0,0,0,0,0,0,0,0,0,67,-148,-49,-141,0,-639,-593,-592,-568,-577,-552,-633,-632,-821,-806,-788,-758,-1064,-1011,-1229,-1268]} 1. e4 c5 2. Nf3 Nc6 3. d4 cxd4 4. Nxd4 Nf6 5. Nc3 e5 6. Ndb5 d6 7. Bg5 a6 8. Na3 b5 9. Nd5 Be7 10. Bxf6 Bxf6 11. c4 b4 12. Nc2 a5 13. g3 {B33: Sicilian: Pelikan and Sveshnikov Variations} O-O 14. Bg2 (14. Qf3 Bg5 15. h4 Bh6 16. Bh3 Be6 17. Rd1 a4 18. Kf1 Qb8 19. b3 axb3 20. axb3 {0-1 (56) Sethuraman,S (2623)-Matlakov,M (2701) Moscow 2017}) 14... Bg5 15. O-O {The position is equal.} Be6 16. Qd3 Qb8 17. Kh1 a4 $146 (17... Bxd5 $5 18. exd5 (18. cxd5 Ne7 $11) 18... Nd8 $14) ({Predecessor:} 17... f5 18. f4 Bh6 19. Nde3 {½-½ (60) Havasi,G (1924)-Kovacs,B (1678) Balatonlelle 2012}) 18. b3 Ra5 19. f4 Bd8 20. f5 Bxd5 21. exd5 Nd4 $1 22. Nxd4 exd4 23. f6 Bxf6 24. Be4 h6 25. Rxf6 gxf6 26. Qf3 $1 {[%cal Rf3g4] White wants to mate with Qg4+.} Re8 (26... Qc8 $11 27. Rf1 axb3 28. axb3 Re8) 27. Rf1 $2 {[#]} (27. Qg4+ $1 $14 {was forced to keep a grip.} Kh8 28. Rf1) 27... Re5 $1 $17 {White must now prevent ...Qe8.} 28. Qxf6 Qe8 ({Wrong is} 28... Rxe4 $2 29. Qxf7+ Kh8 30. Qf6+ Kh7 31. Qf7+ Kh8 32. Qf6+ Kh7 33. Qf5+ Kg7 34. Qxe4 $18) 29. Bf5 $2 {[%mdl 8192]} (29. Bd3 $11 Re1 30. Kg2) 29... Qe7 {Black is clearly winning.} 30. Qxe7 Rxe7 $19 {[%mdl 4096] Endgame KRR-KRB} 31. Kg2 Re2+ 32. Kh3 a3 33. Bb1 {[#]} d3 $1 34. Rd1 (34. Bxd3 Rxa2) 34... Rb2 35. Bxd3 Rxa2 36. Bf5 Rb2 {Precision: White = 59%, Black = 54%.} 0-1

[Event "10th Mumbai Mayors Cup 2017"]
[Site "Mumbai"]
[Date "2017.07.06"]
[Round "5"]
[White "Salonika, Saina"]
[Black "Akash Pc, Iyer"]
[Result "0-1"]
[WhiteElo "1994"]
[BlackElo "2282"]
[Annotator "TA"]
[PlyCount "74"]
[EventDate "2017.06.04"]
[EventType "swiss"]
[EventCountry "IND"]
[SourceTitle "playchess.com"]
[Source "ChessBase"]
[SourceQuality "1"]

{[%evp 9,74,0,0,-4,0,-3,0,0,0,-13,-4,-37,-21,-15,-30,-54,-2,-7,-9,-14,26,-17,-20,-18,9,11,79,-11,-4,-12,0,-15,13,-31,-18,-13,-14,-26,-25,-66,-67,-70,-54,-60,-22,-87,-88,-91,-85,-95,-16,-37,-60,-221,-200,-202,-216,-205,-184,-175,-105,-140,-152,-697,-708,-1111,-1098]} 1. e4 d6 2. d4 Nf6 3. Nc3 Nbd7 4. Nf3 e5 5. dxe5 dxe5 6. a3 {C41: Philidor Defence} (6. Bc4 $5 {[%cal Rf3g5]} Bb4 7. O-O $11) 6... c6 7. Bc4 {Threatens to win with Ng5.} Be7 8. a4 $146 {The position is equal.} ({Predecessor:} 8. O-O O-O 9. Qe2 a5 10. Rd1 Qc7 11. Bg5 Nc5 12. a4 Ne6 13. Bxe6 Bxe6 {0-1 (54) Lesot,J (2077)-Janev,E (2442) Lille 2013}) 8... a5 9. Qd3 (9. O-O {looks sharper.} O-O 10. Be3 Ng4 11. Bd2 Ngf6 12. Be3) 9... O-O 10. Ne2 Qc7 {White must now prevent ...Nc5.} 11. Ng3 Nc5 12. Qe2 {[#]} Ne6 (12... Nxa4 $1 $15 {[%mdl 512]} 13. Rxa4 b5) 13. Nf5 Bc5 14. O-O g6 15. Ng3 Nf4 16. Qd2 Nd7 17. Ne2 {[%cal Re2f4]} Ne6 (17... Nb6 $11 {remains equal.} 18. Bb3 Rd8) 18. c3 (18. Bxe6 $16 fxe6 19. Nc3) 18... Nf6 19. Qc2 Kg7 20. Bd2 Ba7 21. Rad1 Nc5 22. Ng3 Bg4 23. b4 Ne6 24. Rde1 Bxf3 25. gxf3 Nf4 26. Kh1 Qd7 (26... b5 $5 {[%cal Rb5c4]} 27. Bb3 Bb6 $15) 27. Bxf4 (27. bxa5 $11 Qe7 28. Rb1) 27... exf4 $17 28. e5 Nd5 29. Ne4 {[#]} Qh3 (29... Qf5 $1 $17 30. bxa5 Rab8) 30. Qe2 $11 Rae8 31. Bxd5 $2 ({White has to play} 31. Nd6 $1 $15) 31... Rxe5 $19 {( -> ...Rh5)} ({Stronger than} 31... cxd5 32. Nd6 $11) 32. Be6 Qxe6 ({Don't play} 32... fxe6 33. Rg1 $17) 33. Qd2 Qh3 34. Qxf4 {[#]} Rf5 (34... Bb8 $1 $19 35. Qg3 Qh6) 35. Qg3 Qh6 {Strongly threatening ...Bb8.} 36. Nd6 $2 (36. Qg2 $17) 36... Rg5 37. Qf4 {[#]} Rg1+ $1 {[%mdl 512] Precision: White = 45%, Black = 53%.} 0-1

[Event "10th Mumbai Mayors Cup 2017"]
[Site "Mumbai"]
[Date "2017.07.06"]
[Round "5"]
[White "Badrinath, S."]
[Black "Raghunandan, Kaumandur Srihari"]
[Result "0-1"]
[WhiteElo "1977"]
[BlackElo "2410"]
[Annotator "TA"]
[PlyCount "58"]
[EventDate "2017.06.04"]
[EventType "swiss"]
[EventCountry "IND"]
[SourceTitle "playchess.com"]
[Source "ChessBase"]
[SourceQuality "1"]

{[%evp 15,58,11,19,-14,-7,-20,-14,-14,-22,-19,-12,-51,30,-86,-85,-28,-75,-319,-318,-344,-333,-314,-297,-415,-535,-528,-504,-502,-502,-633,-566,-869,-867,-854,-583,-692,-560,-538,-550,-702,-700,-755,-748,-930,-961]} 1. e4 c5 2. Nf3 d6 3. d4 cxd4 4. Nxd4 Nf6 5. f3 e5 6. Nb3 {[%cal Bd4b3,Bb3d2,Bd2b1,Bb1c3][%mdl 32]} Be7 7. c4 a5 8. Be3 {B55: Sicilian: 2...d6 3 d4 cxd4 4 Nxd4 Nf6 5 f3} Nc6 {LiveBook: 6 Games} (8... a4 9. Nc1 O-O 10. Nc3 Qa5 11. Qd2 Na6 12. Be2 Nc5 13. O-O Bd7 14. Rb1 Rfc8 15. b4 axb3 16. axb3 {1-0 (50) Carlsen,M (2853)-Karjakin,S (2772) New York 2016}) 9. Na3 $146 ({Predecessor:} 9. Nc3 O-O 10. Bd3 a4 11. Nd2 a3 12. bxa3 Rxa3 13. Ndb1 Ra8 14. O-O Nd4 15. Ne2 Ne6 {½-½ (55) Kraemer,M (2570)-Saric,I (2678) Germany 2015}) 9... O-O 10. Be2 {The position is equal.} a4 11. Nd2 Nh5 12. g3 Bh3 13. Ndb1 Bg5 (13... Nf4 $15 14. gxf4 Bh4+ 15. Kd2 exf4 16. Bxf4 Qf6) 14. Bf2 {[#]} (14. Bxg5 $11 Qxg5 15. Nb5) 14... f5 $1 $36 {[%cal Rf5e4][%mdl 2048] Hoping for ...fxe4. Black is in control.} ({Of course not} 14... Bg2 $6 15. Rg1 $14) 15. Nc3 Nf6 {...fxe4 is the strong threat.} 16. Nab5 $2 (16. exf5 $17 Qa5 17. Nab5) 16... fxe4 $19 17. fxe4 Qa5 18. Bf3 Kh8 19. Qe2 {[#]} a3 $1 {[%mdl 512]} 20. Rd1 {Black is clearly winning.} (20. bxa3 Nd4) 20... axb2 21. Qxb2 Nd7 22. Qe2 {[#]} Nd4 $1 {[%mdl 512]} 23. Bxd4 (23. Nxd4 Qxc3+) 23... exd4 24. Rxd4 Bf6 25. Rd3 Nc5 26. Re3 Bg5 27. Kd2 Be6 28. h4 Bxe3+ 29. Kxe3 Nd7 {Precision: White = 31%, Black = 81%.} 0-1

[Event "10th Mumbai Mayors Cup 2017"]
[Site "Mumbai"]
[Date "2017.07.06"]
[Round "5"]
[White "Mahindrakar Indrajeet"]
[Black "Gajwa Ankit"]
[Result "1/2-1/2"]
[WhiteElo "1977"]
[BlackElo "2309"]
[Annotator "TA"]
[PlyCount "60"]
[EventDate "2017.06.04"]
[EventType "swiss"]
[EventCountry "IND"]
[SourceTitle "playchess.com"]
[Source "ChessBase"]
[SourceQuality "1"]

{[%evp 17,60,18,31,30,24,17,42,2,8,11,34,8,28,26,44,37,46,29,30,0,0,0,0,0,0,0,0,1,9,6,0,2,65,66,58,62,61,58,87,86,81,79,84,82,94]} 1. e4 e5 2. Nf3 Nc6 3. Bb5 a6 4. Ba4 Nf6 5. d3 d6 6. c3 g6 7. O-O Bg7 8. Re1 O-O 9. Nbd2 b5 10. Bc2 {C77: Ruy Lopez: 3...a6 4 Ba4 Nf6, unusual lines} d5 (10... Bb7 11. Nf1 d5 12. Bg5 h6 13. Bh4 Qd6 14. a4 d4 15. Bb3 Rad8 16. axb5 axb5 17. Bxf6 Qxf6 {1-0 (44) Borisek,J (2561)-Naiditsch,A (2687) Doha 2016}) 11. h3 h6 12. Nf1 {White is slightly better.} Be6 13. Be3 $146 ({Predecessor:} 13. Ng3 Re8 14. d4 exd4 15. e5 Nd7 16. cxd4 Nb4 17. Bb1 {0-1 (42) Nevioselaya,M (1992)-Stetsko,L (2128) Minsk 2012}) 13... Qd6 14. Ng3 Rfd8 15. Qc1 Kh7 16. Nxe5 Nxe5 17. d4 dxe4 {And now ...Nd3 would win.} 18. dxe5 Qxe5 {[#]} 19. Nxe4 $1 {[%mdl 512]} Nxe4 20. Bf4 Qc5 21. Bxe4 Bd5 22. Qe3 $36 {[%mdl 2048] White has some pressure.} Qc4 23. Bxd5 Rxd5 24. Qe4 Qc6 (24... Qxe4 $11 25. Rxe4 c5) 25. Bxc7 $14 Rc8 26. Bf4 Qd7 27. Qf3 Rc4 28. Rad1 {White is better.} Rxd1 29. Rxd1 Qe6 30. Be3 Re4 {Precision: White = 73%, Black = 38%.} 1/2-1/2

[Event "10th Mumbai Mayors Cup 2017"]
[Site "Mumbai"]
[Date "2017.07.06"]
[Round "5"]
[White "Saksham Rautela"]
[Black "Nitish Belurkar"]
[Result "0-1"]
[WhiteElo "1969"]
[BlackElo "2279"]
[Annotator "TA"]
[PlyCount "142"]
[EventDate "2017.06.04"]
[EventType "swiss"]
[EventCountry "IND"]
[SourceTitle "playchess.com"]
[Source "ChessBase"]
[SourceQuality "1"]

{[%evp 17,142,32,28,27,14,18,18,29,38,10,24,-41,-27,-43,44,47,31,19,55,0,-1,-9,-3,-84,-25,-19,-22,-28,-21,-35,-18,-32,-18,-30,-17,-76,-27,-172,-166,-331,-20,-16,-18,-20,-24,-21,-26,-160,130,122,117,122,122,114,99,102,85,-81,-72,-89,-90,-92,-79,-158,-165,-456,-445,-367,-419,-1375,-1388,-1152,-942,-2052,-2177,-1415,-1350,-12824,-12823,-12822,-12822,-12820,-3293,-12829,-556,-12835,-12835,-12838,-12834,-12836,-12836,-12838,-12835,-12836,-12837,-12837,-12838,-12838,-12837,-12839,-12839,-12840,-12840,-12840,-12838,-12841,-12840,-12841,-12841,-12840,-12842,-12842,-12839,-12840,-12840,-12843,-12843,-12844,-12844,-12845,-12845,-12845,-12846,-12851,-29987,-12851,-29993]} 1. e4 e5 2. Nf3 d6 3. d4 exd4 4. Nxd4 Nf6 5. Nc3 Be7 6. Be2 O-O 7. O-O Re8 8. f4 Bf8 9. Bf3 c5 10. Nb3 {C41: Philidor Defence} (10. Nde2 Nc6 11. f5 Ne5 12. Nf4 Bd7 13. Nfd5 Nxd5 14. Nxd5 Bc6 15. Bf4 b5 16. b3 a5 17. Qd2 a4 {1-0 (40) Sokolov,A (2520)-Naiditsch,A (2720) Montpellier 2015}) 10... Nc6 11. Kh1 Be6 12. Be3 {The position is equal.} Qd7 $146 ({Predecessor:} 12... Rc8 13. Bg1 b5 14. a3 a6 15. Re1 Qd7 16. Qd2 {0-1 (40) Neimer,V (2316)-Livshits,G (2441) Herzliya 2008}) 13. Bg1 g6 14. Qe1 (14. Qe2 $11) 14... Bc4 $15 15. Rf2 Bxb3 (15... Nd4 $15) 16. axb3 $14 Nd4 17. Qd1 Qc6 18. Nd5 (18. Rd2 $1 $14) 18... Nxd5 $11 19. exd5 Qd7 20. b4 (20. Bg4 $11 Nf5 21. Qd3) 20... f5 (20... Nxf3 $17 21. Rxf3 cxb4) 21. bxc5 dxc5 22. c3 Nxf3 23. Rxf3 Re4 24. d6 c4 25. Qd5+ Qf7 26. Qc5 (26. Qxf7+ $11 {remains equal.} Kxf7 27. d7) 26... Rd8 (26... b6 $5 {[%cal Rb6c5]} 27. Qc7 Qxc7 28. dxc7 Rc8 $11) 27. Rxa7 (27. Qxa7 $11 {and White stays safe.} Rxd6 28. Re3) 27... Rxd6 $19 28. Ra8 $2 (28. Rf1 {only move.}) 28... Ra6 $2 ({Black should play} 28... Rd1 $19 29. Re3 Kg7) 29. Rb8 $11 Ra1 30. Re3 Kg7 31. Qb6 Rxe3 32. Qxe3 {[#]} (32. Qd4+ $1 $11 {was the only way to keep the balance.} Kh6 33. Qxe3) 32... Qc7 $2 (32... Qd5 $1 $17 {and life is bright. White must now prevent ...Bc5.} 33. Qd4+ Qxd4 34. cxd4 Kf7 35. Rxb7+ Ke6) 33. Qd4+ $16 Kg8 34. Qd5+ Qf7 35. Qe5 Rd1 36. h3 Rd5 37. Rxf8+ $2 (37. Qe2 $16 {stays on course.}) 37... Kxf8 {[%mdl 4096] Endgame KQR-KQB} 38. Bc5+ Kg8 39. Qb8+ Kg7 40. Bd4+ (40. Bd6 $142) 40... Kh6 $17 41. g4 $2 (41. Kh2 {was worth a try.}) 41... fxg4 $19 42. hxg4 Qe7 {Threatens to win with ...Qh4+.} 43. Qc8 (43. Kg2 $142 Rd8 44. Qe5 Qxe5 45. Bxe5) 43... Qe4+ 44. Kg1 Qxf4 45. Qe6 Rxd4 46. cxd4 Qxd4+ {KQ-KQ} 47. Kf1 Kg5 48. Ke1 Qxb2 49. Qd5+ Kxg4 50. Qxc4+ Kh5 51. Qf7 Qe5+ 52. Kd2 Qd4+ 53. Ke1 Qe4+ 54. Kd2 h6 {[%cal Bh7h6,Bh6h5,Bh5h4][%mdl 32]} 55. Kc3 Kg4 56. Kb2 h5 57. Qd7+ Kf4 58. Ka1 h4 59. Qd2+ Kf5 60. Qd7+ Kg5 61. Qd2+ Kh5 62. Qd1+ Kh6 63. Qd2+ g5 {[%cal Bg6g5,Bg5g4][%mdl 32]} 64. Qd6+ Kh5 65. Qd1+ g4 66. Qd8 Qe5+ 67. Ka2 h3 68. Qg8 h2 69. Qh7+ Kg5 {( -> ...Qd5+)} 70. Qxb7 Qe2+ {[#]} (70... g3 $19 71. Qa8 Qe1 72. Qg8+ Kf4 73. Qc4+ Kf3 74. Qd5+ Qe4 75. Qf7+ Kg2 76. Qg8 h1=Q 77. Qb3 Kh3 78. Kb2 Qhb1+ 79. Ka3 Qa1+ 80. Qa2 Qc3+ 81. Qb3 Qa8#) 71. Kb3 Qf3+ {Precision: White = 24%, Black = 47%.} (71... g3 $19 72. Qg7+ Kf4 73. Qh6+ Kf3 74. Qc6+ Qe4) 0-1

[Event "10th Mumbai Mayors Cup 2017"]
[Site "Mumbai"]
[Date "2017.07.06"]
[Round "5"]
[White "Krishnater Kushager"]
[Black "Saurabh Anand"]
[Result "1/2-1/2"]
[WhiteElo "1953"]
[BlackElo "2266"]
[Annotator "TA"]
[PlyCount "87"]
[EventDate "2017.06.04"]
[EventType "swiss"]
[EventCountry "IND"]
[SourceTitle "playchess.com"]
[Source "ChessBase"]
[SourceQuality "1"]

{[%evp 11,87,14,52,42,50,51,49,35,51,14,30,30,34,26,32,35,44,31,33,31,31,15,31,36,25,20,28,12,13,10,20,10,11,0,16,16,13,8,31,11,20,27,27,13,35,8,24,9,23,25,44,22,129,77,99,0,0,-28,0,0,23,33,20,45,881,0,746,143,127,0,0,0,0,0,0,0,0,0]} 1. d4 Nf6 2. Bg5 Ne4 3. h4 c5 4. d5 Qb6 5. Nd2 Nxd2 6. Bxd2 {A45: Trompowsky Attack} e5 {LiveBook: 6 Games} (6... Qxb2 7. e4 Qd4 8. Bd3 c4 9. Nf3 Qc5 10. Be2 e6 11. Bc3 exd5 12. exd5 Be7 13. Ng5 d6 14. Bxg7 {1-0 (64) Ivanisevic,I (2653)-Hausrath,D (2503) Berlin 2015}) 7. e4 d6 8. b3 $146 {White is slightly better.} ({Predecessor:} 8. Qc1 Nd7 9. c4 Be7 10. g3 Nf6 11. f3 Nh5 12. Ne2 Qd8 13. Kd1 g6 {1-0 (26) Bigg,A (2157)-Spivack,S (2170) Birmingham 2000}) 8... Be7 9. Bd3 Qd8 10. Bb5+ Bd7 11. Bxd7+ Nxd7 12. Qg4 Nf6 13. Qf3 ({Reject} 13. Qxg7 Rg8 $15) 13... Qd7 14. Ne2 h5 15. Ng3 g6 16. Bg5 Nh7 17. Bxe7 Qxe7 18. Nf1 O-O-O 19. Ne3 Rdf8 20. O-O-O Nf6 21. Nc4 Nd7 22. Qg3 f5 23. Qxg6 Rf6 24. Qg5 fxe4 25. Nd2 Qh7 {Hoping for ...Rf4.} 26. Qe3 Rf4 27. g3 $36 {[%mdl 2048] White is more active.} Rg4 28. Rhe1 {[%cal Rd2e4]} Nf6 29. Nc4 Qd7 30. b4 b5 $1 {[%cal Rb5c4]} 31. Na5 $1 c4 {[#]} (31... Qc7 $11) 32. Nc6 (32. a4 $142 $1 {[%mdl 512]}) 32... Rh7 33. Qa3 (33. Rf1 $16) 33... Qb7 $1 $11 34. Rg1 (34. Qa5 $5 {[%cal Ra5d8]} Qb6 35. Qxb6 axb6 36. Re3 $11) 34... Rhg7 35. Qe3 Nxd5 36. Rxd5 Qxc6 37. Rgd1 Rxg3 $2 {[%mdl 8192]} (37... Qb6 $14) 38. Qxe4 $2 (38. fxg3 $18 Rd7 39. Qxe4) 38... Qa6 $2 {[%mdl 8192]} (38... R3g6 $11) 39. Rxd6 $2 (39. fxg3 $18 {and White stays clearly on top.} Qa3+ 40. Kd2 Qxg3 41. Rxb5 Qg2+ 42. Qxg2 Rxg2+ 43. Kc3) 39... Qa3+ $16 40. Kb1 (40. Kd2 $16 {Qc6+ would kill now.} Qf3 41. Qc6+ (41. Qxe5 Qxf2+ 42. Kc1 Qe3+ 43. Qxe3 Rxe3 $16) 41... Qxc6 42. Rxc6+ Kd7 43. Rc5) 40... Qxb4+ $11 {The position is equal.} 41. Ka1 {Threatening mate with Qc6+.} Qc3+ 42. Kb1 Qb4+ 43. Ka1 {White wants to mate with Qc6+.} Qc3+ 44. Kb1 {Precision: White = 44%, Black = 52%.} 1/2-1/2